Представление документа в формате MARC21

ПолеНазваниеЗначение
  Тип записи a
  Библиографический уровень m
001 Контрольный номер RU\infra-m\znanium\bibl\2236943
005 Дата корректировки 20260429142119.5
008 Кодируемые данные 260120s2025 RU g rus u
020 Индекс ISBN __
a ISBN 978-5-907534-61-2
040 Источник каталогиз. __
a Служба первич. каталог. Общество с ограниченной ответственностью «ЗНАНИУМ»
041 Код языка издания __
a Код языка текста rus
044 Код страны публикации __
a Код страны публикации RU
080 Индекс УДК __
a Индекс УДК 004
084 Индекс другой классификации/Индекс ББК __
2 Источник индекса rubbk
a Индекс другой классификации/Индекс ББК 3297
084 Индекс другой классификации/Индекс ББК __
2 Источник индекса okso
a Индекс другой классификации/Индекс ББК 02.03.02
084 Индекс другой классификации/Индекс ББК __
2 Источник индекса okso
a Индекс другой классификации/Индекс ББК 09.03.02
084 Индекс другой классификации/Индекс ББК __
2 Источник индекса okso
a Индекс другой классификации/Индекс ББК 10.03.01
100 Автор __
a Автор Шнайер Б.
q Полное имя Шнайер Брюс
245 Заглавие __
a Заглавие Кибергейт : Как выжить в мире умных вещей
b Продолж. заглавия Практическое пособие
250 Сведения об издании __
a Основные сведения об издании 1
260 Выходные данные __
a Место издания Москва
b Издательство Альпина ПРО
c Дата издания 2026
300 Физическое описание __
a Объем 368 с.
520 Аннотация __
a Аннотация От беспилотных автомобилей до умных термостатов от ИТ-систем фондовой торговли до дронов оснащенных автономными алгоритмами поведения… Сегодня интернет напрямую воздействует на мир вокруг нас. Продвинутым хакерам теперь по силам спровоцировать автоаварию отключить кардиостимулятор или вывести из строя охранную сигнализацию и всю прочую технику в доме. В книге «Кибергейт. Как выжить в мире умных вещей» Брюс Шнайер исследует риски которые повлечет за собой объединение всего и вся в единую сверхсложную и гиперсвязанную систему и размышляет как же воспользоваться преимуществами новой всемогущей эпохи и при этом не пасть ее жертвой.
521 Примеч. о цел. назн. __
a Примеч. о целев. назн. Дополнительное образование взрослых
650 Тематические рубрики __
a Основная рубрика Физико-математические науки
x Основная подрубрика Кибернетика
655 Указ. предметных рубрик (устаревшее) __
a Жанр/ форма (устаревшее) Практическое пособие
856 Электронный адрес документа 4_
a Имя сервера/домена znanium.ru
m Помощь ebs_support@infra-m.ru
n Местонахождение сервера НИЦ ИНФРА-М
u URL https://znanium.ru/catalog/document?id=474703
856 Электронный адрес документа 48
a Имя сервера/домена znanium.ru
d Путь /cover/2236
f Электронное имя 2236943.jpg
q Тип электронного формата image/jpeg
u URL https://znanium.ru/cover/2236/2236943.jpg
911 __
u 0030=https://znanium.ru/catalog/document?id=474703